000 00575nam a2200229Ia 4500
003 OSt
005 20220930185930.0
006 a|||||r|||| 00| 0
007 ta
008 220926b |||||||| |||| 00| 0 mal d
024 _a58840
037 _cTextbook
040 _aCRL
_cCRL
_bmal
041 _2mal
_amal
082 _aQ6v,N5, 32J9
245 0 _aChristian literature society
260 _aTiruvalla
_bLiterature press
_c1962
300 _a367p.
_ccm.
650 _aRELIGION
942 _hQ6v,N5, 32J9
_cTB
_2CC
999 _c891290
_d891290